书目信息 |
| 题名: |
土木工程防灾
|
|
| 作者: | 叶继红 主编 | |
| 分册: | ||
| 出版信息: | 北京 中国建筑工业出版社 2025.03 |
|
| 页数: | 379页 | |
| 开本: | 26cm | |
| 丛书名: | 高等学校土木工程专业创新型人才培养系列教材 | |
| 单 册: | ||
| 中图分类: | TU350.4 | |
| 科图分类: | ||
| 主题词: | 土木工程--tu mu gong cheng--防灾--结构设计--高等学校--教材 | |
| 电子资源: | ||
| ISBN: | 978-7-112-31020-3 | |
| 000 | 01322nam 2200301 450 | |
| 001 | 93164 | |
| 005 | 20250818195053.53 | |
| 010 | @a978-7-112-31020-3@dCNY58.00 | |
| 100 | @a20250717d2025 em y0chiy50 ea | |
| 101 | 0 | @achi |
| 102 | @aCN@b110000 | |
| 105 | @aak a 000yy | |
| 106 | @ar | |
| 200 | 1 | @a土木工程防灾@Atu mu gong cheng fang zai@f叶继红主编 |
| 205 | @a第2版 | |
| 210 | @a北京@c中国建筑工业出版社@d2025.03 | |
| 215 | @a379页@c图@d26cm | |
| 225 | 2 | @a高等学校土木工程专业创新型人才培养系列教材@Agao deng xue xiao tu mu gong cheng zhuan ye chuang xin xing ren cai pei yang xi lie jiao cai |
| 300 | @a住房和城乡建设部“十四五”规划教材 | |
| 314 | @a叶继红, 中国矿业大学教授, 从2004年起在东南大学一直为大四本科生教授“工程结构抗震与防灾”课程, 每届授课平均学生人数30人, 共48学时。 | |
| 320 | @a有书目 (第376-379页) | |
| 330 | @a本书分为八章, 主要内容包括: 绪论、结构动力学基础理论、工程结构抗震理论与设计、工程结构隔震和消能减振设计、工程结构抗风理论与设计、建筑结构抗火设计、地质灾害与防治、工程结构防灾试验技术。 | |
| 410 | 0 | @12001 @a高等学校土木工程专业创新型人才培养系列教材 |
| 606 | 0 | @a土木工程@Atu mu gong cheng@x防灾@x结构设计@x高等学校@j教材 |
| 690 | @aTU350.4@v5 | |
| 701 | 0 | @a叶继红@Aye ji hong@4主编 |
| 801 | 0 | @aCN@c20250909 |
| 905 | @a河南城建学院图书馆@dTU350.4@eY426=2@f1 | |
| 土木工程防灾/叶继红主编.-第2版.-北京:中国建筑工业出版社,2025.03 |
| 379页:图;26cm.-(高等学校土木工程专业创新型人才培养系列教材) |
| 住房和城乡建设部“十四五”规划教材 |
| ISBN 978-7-112-31020-3:CNY58.00 |
| 本书分为八章, 主要内容包括: 绪论、结构动力学基础理论、工程结构抗震理论与设计、工程结构隔震和消能减振设计、工程结构抗风理论与设计、建筑结构抗火设计、地质灾害与防治、工程结构防灾试验技术。 |
| ● |
| 相关链接 |
|
|
|
正题名:土木工程防灾
索取号:TU350.4/Y426=2
 
预约/预借
| 序号 | 登录号 | 条形码 | 馆藏地/架位号 | 状态 | 备注 |
| 1 | 1627122 | 216271228 | 建筑库101/101建筑库 82排1列1层/ [索取号:TU350.4/Y426=2] | 在馆 |